000
00315 a2200145 4500
001
167901
020
_a
040
_c
Magnum
100
_a
Sobotta
240
1
0
_a
Atlas de anatomia humana/v.2
_l
por
245
1
0
_a
Atlas de anatomia humana/v.2
362
0
_a
1899
697
_a
CIENCIAS MEDICAS SAUDE
942
_c
BK
999
_c
167901
_d
167901